Liste des rois séleucides - Statistiques

Statistiques générales
  • Ce quiz a été pris 38 fois
  • Le résultat moyen est 4 sur 6
Statistiques - réponses
Nom % Correct
Séleucos
87%
Antiochos
80%
Alexandre
73%
Philippe
53%
Démétrios
37%
Diodote
27%
Aucun quiz correspondant
Distribution des résultats
% des personnes avec chaque résultat
Percentile par nombre de réponses
Votre historique - résultats
Vous n’avez pas pris ce quiz